000 00493nam a2200193 a 4500
001 1777027203639
003 YourLibrary
005 20260424161208.0
008 260424s2008##################000#0#eng##
020 _a9780205479757
082 0 4 _a344.730791LAT
100 1 _aLatham, Peter S.,
_eauthor.
245 1 0 _aSpecial Education Law :
260 _bAllyn & Bacon,
_c2008.
300 _a214 pages
650 0 _aEducation.
942 _cENGLISH
040 _aYourLibrary
_beng
_cYourLibrary
999 _c619868
_d619868